Statistics for Countries which helded in past nowadays parts of Poland

Click here to take the quiz!

General Stats

  • This quiz has been taken 52 times
  • The average score is 10 of 11

Answer Stats

Answer% Correct
Germany
100%
Russia
100%
Lithuania
98%
Austria
96%
Czech republic
96%
Hungary
96%
Slovakia
94%
Ukraine
94%
Belarus
92%
Sweden
90%
Denmark
88%

Score Distribution

Percentile by Number Answered

Percent of People with Each Score

Your Score History

You have not taken this quiz